ბათუმის შოთა რუსთაველის სახელმწიფო უნივერსიტეტის ბიბლიოთეკა

Регионоведение (ბიბ.ჩანაწერი № 44278)

000 -LEADER
fixed length control field 00817nam a2200241Ia 4500
001 - CONTROL NUMBER
control field 11036
003 - CONTROL NUMBER IDENTIFIER
control field GE_BSU
008 - FIXED-LENGTH DATA ELEMENTS--GENERAL INFORMATION
fixed length control field 181216s||||||||xx |||||||||||||| ||und||
020 ## - INTERNATIONAL STANDARD BOOK NUMBER
International Standard Book Number 9785238017327
040 ## - CATALOGING SOURCE
Transcribing agency GE_BSU
080 ## - UNIVERSAL DECIMAL CLASSIFICATION NUMBER
Universal Decimal Classification number 332(100)(075.8)
100 ## - MAIN ENTRY--PERSONAL NAME
Personal name Дергачев,В.А. Вардомский,Л.Б.
245 ## - TITLE STATEMENT
Title Регионоведение
245 ## - TITLE STATEMENT
Remainder of title Учеб.Пособие для студентов вузов,обучающихся по специальностям "Регионоведение","Международные отношения.
250 ## - EDITION STATEMENT
Edition statement 2-е изд,перераб.и доп.
260 ## - PUBLICATION, DISTRIBUTION, ETC.
Place of publication, distribution, etc. Москва
260 ## - PUBLICATION, DISTRIBUTION, ETC.
Name of publisher, distributor, etc. Юнити-Дана
260 ## - PUBLICATION, DISTRIBUTION, ETC.
Date of publication, distribution, etc. 2014.
300 ## - PHYSICAL DESCRIPTION
Extent 519стр,22см.
653 ## - INDEX TERM--UNCONTROLLED
Uncontrolled term Регионоведение
942 ## - ADDED ENTRY ELEMENTS (KOHA)
Koha item type წიგნი
ეგზემპლარები
Withdrawn status Lost status Damaged status Not for loan Date acquired Barcode Date last seen Price effective from Koha item type
        2018-12-17 35361 2018-12-17 2018-12-17 წიგნი
        2018-12-17 35362 2018-12-17 2018-12-17 წიგნი